书目信息 |
| 题名: |
管理
|
|
| 作者: | 德鲁克, 著 ;王永贵 译 | |
| 分册: | 使命篇 | |
| 出版信息: | 北京 机械工业出版社 2008 |
|
| 页数: | 383页 | |
| 开本: | 24cm | |
| 丛书名: | 德鲁克管理经典 | |
| 单 册: | ||
| 中图分类: | C93 | |
| 科图分类: | ||
| 主题词: | 管理学 | |
| 电子资源: | ||
| ISBN: | 7-111-18846-2 | |
| 000 | 01105nam0 2200265 450 | |
| 001 | 158567 | |
| 005 | 20100805175713.15 | |
| 010 | @a7-111-18846-2@dCNY58.00 | |
| 100 | @a20100515d2008 km y0chiy0120 ea | |
| 101 | 1 | @achi@ceng |
| 102 | @aCN@b110000 | |
| 105 | @ay z 000yy | |
| 200 | 1 | @a管理@Aguan li@e使命、责任、实务@i使命篇@f(美) 彼得·德鲁克著@F(mei)bi de·de lu ke zhu@d= Management:Tasks, Resonsibilities, Practices@g王永贵译@zeng |
| 210 | @a北京@c机械工业出版社@d2008 | |
| 215 | @a383页@d24cm | |
| 225 | 2 | @a德鲁克管理经典 |
| 330 | @a本书围绕经营绩效、服务机构的绩效,卓有成效的工作和有所成就的员工,社会影响和社会责任,管理者的工作,管理技能与组织管理,高层管理者的任务与组织,战略与结构等,系统探讨和揭示了企业使命、企业责任、员工责任、员工资产、知识工作者、目标管理、管理分权等方面的问题。 | |
| 410 | 0 | @12001 @a德鲁克管理经典 |
| 500 | 10 | @aManagement:Tasks, Resonsibilities, Practices@mChinese |
| 606 | 0 | @a管理学 |
| 690 | @aC93@v4 | |
| 701 | 1 | @a德鲁克,@Ade lu ke,@g(Drucker, Peter)@4著 |
| 702 | 0 | @a王永贵@Awang yong gui@4译 |
| 801 | 03 | @c20100515 |
| 905 | @dC93@eD210-2@f5 | |
| 管理:使命、责任、实务.使命篇/(美) 彼得·德鲁克著= Management:Tasks, Resonsibilities, Practices/王永贵译.-北京:机械工业出版社,2008 |
| 383页;24cm.-(德鲁克管理经典) |
| ISBN 7-111-18846-2:CNY58.00 |
| 本书围绕经营绩效、服务机构的绩效,卓有成效的工作和有所成就的员工,社会影响和社会责任,管理者的工作,管理技能与组织管理,高层管理者的任务与组织,战略与结构等,系统探讨和揭示了企业使命、企业责任、员工责任、员工资产、知识工作者、目标管理、管理分权等方面的问题。 |
| ● |
| 相关链接 |
|
|
|
正题名:管理
索取号:C93/D210-2
 
预约/预借
| 序号 | 登录号 | 条形码 | 馆藏地/架位号 | 状态 | 备注 |
| 1 | 997341 | 209973411 | 社科库509/509社科库 63排2列5层/ [索取号:C93/D210-2] | 在馆 | |
| 2 | 997342 | 209973420 | 社科库509/509社科库 63排2列5层/ [索取号:C93/D210-2] | 在馆 | |
| 3 | 997343 | 209973439 | 社科库509/509社科库 63排2列5层/ [索取号:C93/D210-2] | 在馆 | |
| 4 | 997344 | 209973448 | 社科库509/509社科库 63排2列5层/ [索取号:C93/D210-2] | 在馆 | |
| 5 | 997345 | 209973457 | 社科库509/509社科库 63排2列5层/ [索取号:C93/D210-2] | 在馆 |